Bahamas - Statistics

Estatísticas Gerais
  • Esse quiz foi jogado 8 vezes
  • A pontuação média é 5 de 14
Estatísticas das Respostas
Hint Resposta % Correto
Em que continente fica? América do Norte
100%
Qual é o seu idioma? Inglês
100%
Qual é a sua capital? Nassau
86%
De que país foi colónia? Reino Unido
86%
Qual é o seu código ISO? BHS
43%
Qual é a sua religião? Cristianismo
43%
Qual é o desporto mais praticado no país? Críquete
29%
Qual é a maior ilha do país? Andros
14%
Como se chama a sua moeda? Dólar baamiano
14%
Quem é o representante do país? Rainha Elizabeth II
14%
Como se chama a praia de areia rosa mais conhecida do país? Harbour Island
0%
Como se chama a festa mais conhecida do país? Junkanoo
0%
Em que ilha fica localizada a sua capital? New Providence
0%
Com se chama a ilha que de acordo com a lenda foi a primeira a ser pisada por Cristóvão Colombo? São Salvador
0%
Nenhum quiz correspondente encontrado
Distribuição das Pontuações
Porcentagem de Pessoas com Cada Pontuação
Percentil de Números Respondidos
Sua Pontuação Histórica
Você não jogou esse quiz